Представление документа в формате RUSMARC

ПолеНазваниеЗначение
  Тип записи a
  Библиографический уровень a
001 Контрольный номер UONB/MAIN/85570d86373d4b6b903e2a5d68530d26
005 Дата корректировки 20260415165853.0
100 Данные общей обработки __
a Данные общей обработки 20260415 ||| 0rusy0189 ca
101 Язык документа 0_
a Язык текста rus
102 Страна публикации __
a Страна публикации RU
200 Заглавие и сведения об ответственности 1_
a Заглавие Возмездие
e Сведения, относящиеся к заглавию главы из романа
f Первые сведения об ответственности А. Воронцов
203 Вид содержания и тип средства __
a Вид содержания Текст
b Характеристика содержания визуальный
c Тип средства непосредственный
225 Серия 1_
a Серия Поэзия и проза
327 Примечание о содержании 01
a Примечание о содержании Из глубины...
a Примечание о содержании Бешен...
a Примечание о содержании Елена Прекрасная...
a Примечание о содержании Зуев и Сысуев...
a Примечание о содержании Человек в зеленых очках...
461 Уровень набора _0
1 2000
a Москва
1 011
a 0131-2332
463 Уровень физической единицы _0
1 2000
a № 3
v С. 47-104
1 2101
d 2026
1 001UONB/MAIN/be4d8960933542609546a630b5db2276
517 Другие варианты заглавия 1_
a Другие варианты заглавия Из глубины...
517 Другие варианты заглавия 1_
a Другие варианты заглавия Бешен...
517 Другие варианты заглавия 1_
a Другие варианты заглавия Елена Прекрасная...
517 Другие варианты заглавия 1_
a Другие варианты заглавия Зуев и Сысуев...
517 Другие варианты заглавия 1_
a Другие варианты заглавия Человек в зеленых очках...
606 Тематические рубрики 0_
a Основная рубрика Художественная литература
606 Тематические рубрики 0_
a Основная рубрика Современная русская литература (произведения)
610 Ключевые слова 0_
a Ключевые слова романы
610 Ключевые слова 0_
a Ключевые слова отрывки из романов
610 Ключевые слова 0_
a Ключевые слова тема человеческих судеб
610 Ключевые слова 0_
a Ключевые слова тема человеческих пороков
610 Ключевые слова 0_
a Ключевые слова тема наказания за поступки
610 Ключевые слова 0_
a Ключевые слова тема выбора человека
686 Индексы других классификаций __
2 Код системы rubbk
700 Автор _1
a Фамилия Воронцов
b Имя (инициалы) А.
g Полное личное имя Андрей
4 Код отношения 070
801 Источник записи _0
a Страна RU
b Организация Ульяновская ОНБ
c Дата составления 20260415
g Правила каталогизации RCR
801 Источник записи _1
a Страна RU
b Организация Ульяновская ОНБ
c Дата составления 20260415
g Правила каталогизации RCR
901 Тип документа __
t Тип документа b
w Контрольный № источника UONB/MAIN/be4d8960933542609546a630b5db2276